000 00449nam a2200145 i 4500
001 85278
003 ES-MaACL
005 20230906175219.0
008 041126s1914 sp |||| | spa d
100 1 _aJordán Franchy, Francisco (
_d1888-)
_966909
245 1 0 _aAdelfas y cardos /
_cFrancisco Jordán.
260 _aSanta Cruz de Tenerife :
_b[s.n.,
_c1914] (
_eImp. de Félix S. Molowny)
300 _a93 p. ;
_c22 cm.
852 _aES-MaACL
_j1509-F-13
999 _c85278
_d85278